| 000 | 00441nam a2200181Ia 4500 | ||
|---|---|---|---|
| 001 | 2664 | ||
| 005 | 20260306144823.0 | ||
| 008 | 260306t2017||||xx |||||||||||||| ||spa|| | ||
| 041 | _aESP | ||
| 082 |
_a201 _bS71 |
||
| 100 |
_aSoto de la Cruz, Walter _eAUT |
||
| 245 | 0 | _aLa gratuidad de la gracia según San Agustín | |
| 260 | _c2017 | ||
| 300 |
_a417 páginas : _c24 cm. |
||
| 650 | _aGEN | ||
| 654 | _aCHU | ||
| 942 |
_cLIB _dJUS _fJUS _2ddc _n |
||
| 999 |
_c2664 _d2664 |
||